=LDR 00000nam 2200000 4500 =001 INLIS000000000022114 =005 20130612120914 =008 ***********************************Ind** =035 ##$$0010-061300000022114 =041 ##$$a Ind =082 ##$$a 651.750 7 =090 ##$$a 651.750 7, Sum-s =100 ##$$a SUMPRIANA, Euis =245 ##$$a Surat Niaga dan Kearsipan SMK, Bisnis dan Manajemen Tingkat 1, Dra.Euis Sumpriana; Dra. Gina Madiana =260 ##$$a 1999 $b Bandung =300 ##$$a 147 hlm., ilus., 28 cm =650 ##$$a Kearsipan - Surat =850 ##$$a NBPNMAT